000 00512nam a2200181Ia 4500
005 20250326143247.0
008 250326s9999 xx 000 0 und d
037 _aTextbook
040 _aFMSL
_beng
_cFMSL
041 _aeng
_2eng
084 _aX:8.1 P2
_qFMSL
100 _aWarner M
_9645413
245 0 _aManaging across cultures
_cWarner M; Joynt P
260 _aUnited Kingdom
_bUnited Kingdom, Thomson Learning
_c2002
300 _a284p
942 _cTB
_hX:8.1 P2
999 _c1298819
_d1298819